proverbi abruzzesi/lancianesi - Statistics

General Stats
  • This quiz has been taken 8 times
  • The average score is 3 of 6
Answer Stats
Question Answer % Correct
stabbon rocc, stabbon tutt la rocc denuncia all'individualismo moderno
86%
s'ha fatt nott e lu porc n'arve attendere qualcosa/qualcuno inutilmente
71%
chi l'andes l'ha stes chi l'ha detta l'ha fatta
43%
chi sput ped aria gliela ricad ngoll fare un torto che poi ricade su se stessi
43%
scine ca scine, ma ca scin n'tutt no! non approfittarti della mia generosità
43%
puzz cascà pe le scal nghe le man in saccoccia malaugurio da rivolgere a chi dice che Pescara è meglio
29%
No matching quizzes found
Score Distribution
Percent of People with Each Score
Percentile by Number Answered
Your Score History
You have not taken this quiz